Design of a stable floating platform for air-sea interaction measurements /

Bibliographic Details
Main Author: Berteaux, Henri O.
Corporate Author: Woods Hole Oceanographic Institution
Other Authors: Walden, R. G.
Format: Book
Language:English
Published: Woods Hole, Mass. : Woods Hole Oceanographic Institution, [1978]
Series:Woods Hole Oceanographic Institution (Series) ; no. 78-88.
Technical report (Woods Hole Oceanographic Institution)
Subjects:

MARC

Tag First Indicator Second Indicator Subfields
LEADER 00000cam a2200000Ia 4500
001 in00002000893
005 20151031124843.0
008 950905e197812 maua bt 000 0 eng d
035 |a (OCoLC)ocm33082855 
040 |a MBW  |c MBW  |d TXA  |d UtOrBLW 
049 |a TXAM 
090 |a GC1  |b .W582 no. 78-88 
100 1 |a Berteaux, Henri O. 
245 1 0 |a Design of a stable floating platform for air-sea interaction measurements /  |c by H.O. Berteaux and R.G. Walden. 
264 1 |a Woods Hole, Mass. :  |b Woods Hole Oceanographic Institution,  |c [1978] 
300 |a 73 leaves :  |b illustrations ;  |c 29 cm. 
336 |a text  |b txt  |2 rdacontent 
337 |a unmediated  |b n  |2 rdamedia 
338 |a volume  |b nc  |2 rdacarrier 
490 1 |a WHOI ;  |v 78-88.  |a Technical report 
536 |a Sponsored by the Johns Hopkins University, Applied Physics Laboratory  |b 600651. 
504 |a Includes bibliographical references. 
500 |a "December 1978." 
650 0 |a Buoys  |x Design and construction. 
650 7 |a Spar buoy dynamics.  |2 asft 
650 7 |a Air-sea buoy.  |2 asft 
650 7 |a Buoy heave and roll.  |2 asft 
700 1 |a Walden, R. G. 
710 2 |a Woods Hole Oceanographic Institution. 
830 0 |a Woods Hole Oceanographic Institution (Series) ;  |v no. 78-88. 
830 0 |a Technical report (Woods Hole Oceanographic Institution) 
948 |a cataloged  |b h  |c 2004/10/22  |d c  |e mphillip  |f 6:25:55 pm 
994 |a E0  |b TXA 
999 |a MARS 
999 f f |s ee0e5293-9d4c-3a84-8073-6002b19d8363  |i 6eb37feb-d7db-3357-b7c9-56e6a64185ec  |t 0 
952 f f |p ric  |a Texas A&M University  |b Rellis Campus  |c Joint Library Facility  |d Remote Storage  |t 0  |e GC1 .W582 no.78-88  |h Library of Congress classification  |i unmediated -- volume  |m A14832233505 
998 f f |a GC1 .W582 no.78-88  |t 0  |l Remote Storage